Loading...
| Beliefs | 1 | 6 | 1 | 0 | 70 | 54 | 97.00 | 1 | 3 | 0.00 | 0.00 |
| Literature - British | 0 | 6 | 0 | 1 | 60 | 92 | 108.83 | 0 | 0 | 0.00 | 0.00 |
| Philosophy | 1 | 5 | 1 | 2 | 60 | 72 | 106.83 | 1 | 2 | 0.00 | 0.00 |
| Literature - World | 1 | 4 | 1 | 0 | 50 | 53 | 108.20 | 0 | 2 | 0.00 | 0.00 |
| Literature - American | 0 | 3 | 1 | 0 | 25 | 125 | 138.67 | 1 | 1 | 0.00 | 0.00 |
| Fine Arts - Classical Music and Opera | 0 | 2 | 0 | 0 | 20 | 131 | 133.00 | 0 | 0 | 0.00 | 0.00 |
| Literature - European | 0 | 2 | 1 | 0 | 15 | 143 | 146.00 | 0 | 0 | 0.00 | 0.00 |
| Social Science | 0 | 2 | 1 | 0 | 15 | 95 | 110.50 | 0 | 1 | 0.00 | 0.00 |
| Visual Arts | 0 | 1 | 0 | 0 | 10 | 122 | 122.00 | 0 | 0 | 0.00 | 0.00 |
| Other Academic | 0 | 1 | 0 | 0 | 10 | 136 | 136.00 | 0 | 0 | 0.00 | 0.00 |
| Science - Other | 0 | 1 | 0 | 0 | 10 | 138 | 138.00 | 0 | 0 | 0.00 | 0.00 |
| History - American | 0 | 0 | 0 | 0 | 0 | 0.00 | 0 | 0 | 0.00 | 0.00 | |
| Science - Biology | 0 | 1 | 2 | 0 | 0 | 92 | 92.00 | 0 | 0 | 0.00 | 0.00 |
| Science - Chemistry | 0 | 0 | 1 | 0 | -5 | 0.00 | 0 | 0 | 0.00 | 0.00 | |
| History - Ancient | 0 | 0 | 1 | 0 | -5 | 0.00 | 0 | 0 | 0.00 | 0.00 |